| 000 | 00414nam a2200145Ia 4500 | ||
|---|---|---|---|
| 008 | 220214s9999 xx 000 0 und d | ||
| 022 | _a0014-2336 | ||
| 245 | 0 | _aEUPHYTICA | |
| 260 | _bKluwer Academic Publishers, Amsterdam, The Netherlands | ||
| 310 | _a24y | ||
| 500 | _aEnding Volume & Year: 116, 2000 | ||
| 500 | _aMissing Volume: 39-42;49;51-74 | ||
| 500 | _aStarting Volume & Year: 18, 1969 | ||
| 942 | _cBJ | ||
| 999 |
_c18505 _d18505 |
||